| 000 | 01965cam a22004574i 4500 | ||
|---|---|---|---|
| 003 | PE-LiUPU | ||
| 005 | 20250731184556.0 | ||
| 008 | 150625s r 000 0 d | ||
| 035 | _a(Sirsi) a38637 | ||
| 040 |
_aPE-LiUPU _bspa _cPE-LiUPU _erda |
||
| 082 | 0 | 4 |
_a910.202 _221 _bA217p |
| 100 | 1 |
_aAdams, Simon, _eautor. |
|
| 245 | 1 | 0 |
_aPaises del mundo / _cSimon Adams, Anita Ganeri y Ann Kay. |
| 264 | 1 |
_aLima : _bEditora El Comercio, _c2006. |
|
| 300 |
_a304 páginas : _bilustraciones, mapas, fotos, a col. ; _c28 cm. |
||
| 336 |
_atext _2rdacontent |
||
| 337 |
_aunmediated _2rdamedia |
||
| 338 |
_avolume _2rdacarrier |
||
| 505 | 0 | _aCómo usar este libro. -El mundo físico. -La tierra en acción. -Clima y vegetación. -Población mundial. -El mundo político. -América del Norte. -Pueblo de América del Norte. -Canadá. -Estados Unidos de América. -México. -América central y del Sur. -Pueblo de América Central y del Sur. -Europa. -Pueblo de Europa. -Asia. -Pueblo de Asia I. -África. -Pueblos de África. -Australasia y Oceanía. -Los pueblos de Australasia y Oceanía. -Sistemas políticos. -Desastres naturales. -Religiones del mundo. -Salud y educación. -Riqueza y pobreza. -Comercio mundial. . | |
| 526 | _aP136 | ||
| 526 | _aP135 | ||
| 526 | _aP134 | ||
| 526 | _aP133 | ||
| 526 | _aP144 | ||
| 526 | _aP143 | ||
| 526 | _aP87 | ||
| 526 | _aP35 | ||
| 526 | _aP20 | ||
| 526 | _aP14 | ||
| 526 | _aP10 | ||
| 526 | _aP06 | ||
| 650 | 0 | 4 |
_aGeografía _xLiteratura juvenil. |
| 650 | 0 | 4 | _aGeografía. |
| 700 | 1 |
_aGaneri, Anita, _eautor. |
|
| 700 | 1 |
_aKay, Ann, _eautor. |
|
| 710 | 2 | _a.DK Publishing, Inc. | |
| 942 |
_2ddc _cBOOK |
||
| 949 |
_a910.20 A23 _wDEWEY _c1 _i57960 _lCCODEBUL1 _mBUL _p12.00 _r0 _sY _tBOOK _u2015-06-25 _xBIBLIOTECA _zUNKNOWN _0COMPRA _o.STAFF. Colección General |
||
| 980 |
_81 _gALBERTO SANCHEZ Responsable de Automatización |
||
| 999 |
_c46942 _d46942 |
||